Vote des territoires et départements législatives 2024 - Statistiques

Statistiques générales
  • Ce quiz a été pris 17 fois
  • Le résultat moyen est 47 sur 107
Statistiques - réponses
Hint Réponse % Correct
Nièvre Rassemblement national et ses alliés
85%
Hérault Rassemblement national et ses alliés
77%
Aube Rassemblement national et ses alliés
77%
Alpes-Maritimes Rassemblement national et ses alliés
77%
Tarn-et-Garonne Rassemblement national et ses alliés
69%
Yonne Rassemblement national et ses alliés
69%
Pyrénées-Orientales Rassemblement national et ses alliés
69%
Allier Rassemblement national et ses alliés
69%
Indre-et-Loire Rassemblement national et ses alliés
69%
Gard Rassemblement national et ses alliés
69%
Val-d'Oise Nouveau Front Populaire
62%
Hautes-Alpes Rassemblement national et ses alliés
62%
Indre Rassemblement national et ses alliés
62%
Cher Rassemblement national et ses alliés
62%
Sarthe Rassemblement national et ses alliés
62%
Seine-Maritime Rassemblement national et ses alliés
62%
Doubs Rassemblement national et ses alliés
62%
Jura Rassemblement national et ses alliés
62%
Aude Rassemblement national et ses alliés
62%
Bouches-du-Rhône Rassemblement national et ses alliés
62%
Eure Rassemblement national et ses alliés
62%
Orne Rassemblement national et ses alliés
62%
Isère Rassemblement national et ses alliés
62%
Moselle Rassemblement national et ses alliés
62%
Var Rassemblement national et ses alliés
62%
Territoire de Belfort Rassemblement national et ses alliés
62%
Pas-de-Calais Rassemblement national et ses alliés
62%
Meuse Rassemblement national et ses alliés
62%
Alpes-de-Haute-Provence Rassemblement national et ses alliés
62%
Somme Rassemblement national et ses alliés
62%
Côte-d'Or Rassemblement national et ses alliés
62%
Haute-Saône Rassemblement national et ses alliés
62%
Aisne Rassemblement national et ses alliés
62%
Tarn Rassemblement national et ses alliés
62%
Nord Rassemblement national et ses alliés
62%
Lot-et-Garonne Rassemblement national et ses alliés
62%
Vaucluse Rassemblement national et ses alliés
62%
Eure-et-Loir Rassemblement national et ses alliés
62%
Val-de-Marne Nouveau Front Populaire
54%
Ain Rassemblement national et ses alliés
54%
Charente Rassemblement national et ses alliés
54%
Drôme Rassemblement national et ses alliés
54%
Seine-et-Marne Rassemblement national et ses alliés
54%
Corse-du-Sud Rassemblement national et ses alliés
54%
Landes Rassemblement national et ses alliés
54%
Creuse Rassemblement national et ses alliés
54%
Saône-et-Loire Rassemblement national et ses alliés
54%
Ardèche Rassemblement national et ses alliés
54%
Ardennes Rassemblement national et ses alliés
54%
Loire Rassemblement national et ses alliés
54%
Charente-Maritime Rassemblement national et ses alliés
54%
Hautes-Pyrénées Rassemblement national et ses alliés
54%
Français de l'étranger (11 circonscriptions) Ensemble pour la République
46%
Seine-St-Denis Nouveau Front Populaire
46%
Guadeloupe Nouveau Front Populaire
46%
Bas-Rhin Rassemblement national et ses alliés
46%
Vosges Rassemblement national et ses alliés
46%
Loir-et-Cher Rassemblement national et ses alliés
46%
Loiret Rassemblement national et ses alliés
46%
Calvados Rassemblement national et ses alliés
46%
Dordogne Rassemblement national et ses alliés
46%
Oise Rassemblement national et ses alliés
46%
Deux-Sèvres Rassemblement national et ses alliés
46%
Marne Rassemblement national et ses alliés
46%
Haut-Rhin Rassemblement national et ses alliés
46%
Vienne Rassemblement national et ses alliés
46%
Haute-Marne Rassemblement national et ses alliés
46%
Haute-Savoie Rassemblement national et ses alliés
46%
Maine-et-Loire Ensemble pour la République
38%
Gers Rassemblement national et ses alliés
38%
Nouvelle-Calédonie Front de libération nationale kanak et socialiste
31%
Haute-Vienne Nouveau Front Populaire
31%
Rhône Nouveau Front Populaire
31%
Essonne Nouveau Front Populaire
31%
Paris Nouveau Front Populaire
31%
Pyrénées-Atlantiques Rassemblement national et ses alliés
31%
Corrèze Rassemblement national et ses alliés
31%
Manche Rassemblement national et ses alliés
31%
Savoie Rassemblement national et ses alliés
31%
Vendée Rassemblement national et ses alliés
31%
Réunion Rassemblement national et ses alliés
31%
Polynésie française Amui Tatou
23%
Finistère Ensemble pour la République
23%
Wallis-et-Futuna Ensemble pour la République
23%
Yvelines Ensemble pour la République
23%
Côtes-d'Armor Ensemble pour la République
23%
Saint Barthélémy et Saint-Martin Ensemble pour la République
23%
Lot Nouveau Front Populaire
23%
Martinique Nouveau Front Populaire
23%
Guyane Nouveau Front Populaire
23%
Morbihan Rassemblement national et ses alliés
23%
Hauts-de-Seine Nouveau Front Populaire
15%
Loire-Atlantique Nouveau Front Populaire
15%
Gironde Nouveau Front Populaire
15%
Haute-Garonne Nouveau Front Populaire
15%
Haute-Corse Régions et Peuples solidaires
15%
Cantal Union de la droite et du centre
15%
Saint-Pierre-et-Miquelon Archipel demain
8%
Aveyron Ensemble pour la République
8%
Mayenne Ensemble pour la République
8%
Meurthe-et-Moselle Nouveau Front Populaire
8%
Lozère Nouveau Front Populaire
8%
Ille-et-Vilaine Nouveau Front Populaire
8%
Ariège Nouveau Front Populaire
8%
Puy-de-Dôme Nouveau Front Populaire
8%
Haute-Loire Union de la droite et du centre
0%
Mayotte Union des démocrates et indépendants
0%
Aucun quiz correspondant
Distribution des résultats
% des personnes avec chaque résultat
Percentile par nombre de réponses
Votre historique - résultats
Vous n’avez pas pris ce quiz